|
|
|
|
| LEADER |
03393nam a2200517 4500 |
| 001 |
978-3-540-36616-4 |
| 003 |
DE-He213 |
| 005 |
20191022171520.0 |
| 007 |
cr nn 008mamaa |
| 008 |
111204s2003 gw | s |||| 0|eng d |
| 020 |
|
|
|a 9783540366164
|9 978-3-540-36616-4
|
| 024 |
7 |
|
|a 10.1007/b13586
|2 doi
|
| 040 |
|
|
|d GrThAP
|
| 050 |
|
4 |
|a TA1750-1750.22
|
| 072 |
|
7 |
|a TJFD
|2 bicssc
|
| 072 |
|
7 |
|a TEC021020
|2 bisacsh
|
| 072 |
|
7 |
|a TJFD
|2 thema
|
| 082 |
0 |
4 |
|a 620.11295
|2 23
|
| 082 |
0 |
4 |
|a 620.11297
|2 23
|
| 100 |
1 |
|
|a Winkler, Roland.
|e author.
|4 aut
|4 http://id.loc.gov/vocabulary/relators/aut
|
| 245 |
1 |
0 |
|a Spin-orbit Coupling Effects in Two-Dimensional Electron and Hole Systems
|h [electronic resource] /
|c by Roland Winkler.
|
| 250 |
|
|
|a 1st ed. 2003.
|
| 264 |
|
1 |
|a Berlin, Heidelberg :
|b Springer Berlin Heidelberg :
|b Imprint: Springer,
|c 2003.
|
| 300 |
|
|
|a XII, 228 p.
|b online resource.
|
| 336 |
|
|
|a text
|b txt
|2 rdacontent
|
| 337 |
|
|
|a computer
|b c
|2 rdamedia
|
| 338 |
|
|
|a online resource
|b cr
|2 rdacarrier
|
| 347 |
|
|
|a text file
|b PDF
|2 rda
|
| 490 |
1 |
|
|a Springer Tracts in Modern Physics,
|x 0081-3869 ;
|v 191
|
| 505 |
0 |
|
|a Introduction -- Band Structure of Semiconductors -- The Extended Kane Model -- Electron and Hole States in Quasi 2D Systems -- Origin of Spin-Orbit Coupling Effects -- Inversion Asymmetry Induced Spin Splitting -- Anisotropic Zeeman Splitting in Quasi 2D Systems -- Landau Levels and Cyclotron Resonance -- Anomalous Magneto-Oscillations -- Conclusions -- Notation and Symbols -- Quasi Degenerate Perturbation Theory -- The Extended Kane Model: Tables -- Band Structure Parameters.
|
| 520 |
|
|
|a Spin-orbit coupling makes the spin degree of freedom respond to its orbital environment. In solids this yields such intriguing phenomena as a spin splitting of electron states in inversion-asymmetric systems even at zero magnetic field and a Zeeman splitting that is significantly enhanced in magnitude over that for free electrons. This book describes spin-orbit coupling effects in quasi-two-dimensional electron and hole systems. The first part provides a general introduction to the electronic structure of quasi-two-dimensional systems with a particular focus on group-theoretical methods. The main part of the monograph is devoted to spin-orbit coupling phenomena at zero and nonzero magnetic fields. Throughout the book, the main focus is on a thorough discussion of the physical ideas and a detailed interpretation of the results. Accurate numerical calculations are complemented by simple and transparent analytical models that capture the important physics.
|
| 650 |
|
0 |
|a Optical materials.
|
| 650 |
|
0 |
|a Electronic materials.
|
| 650 |
|
0 |
|a Condensed matter.
|
| 650 |
1 |
4 |
|a Optical and Electronic Materials.
|0 http://scigraph.springernature.com/things/product-market-codes/Z12000
|
| 650 |
2 |
4 |
|a Condensed Matter Physics.
|0 http://scigraph.springernature.com/things/product-market-codes/P25005
|
| 710 |
2 |
|
|a SpringerLink (Online service)
|
| 773 |
0 |
|
|t Springer eBooks
|
| 776 |
0 |
8 |
|i Printed edition:
|z 9783642056796
|
| 776 |
0 |
8 |
|i Printed edition:
|z 9783540011873
|
| 776 |
0 |
8 |
|i Printed edition:
|z 9783662146002
|
| 830 |
|
0 |
|a Springer Tracts in Modern Physics,
|x 0081-3869 ;
|v 191
|
| 856 |
4 |
0 |
|u https://doi.org/10.1007/b13586
|z Full Text via HEAL-Link
|
| 912 |
|
|
|a ZDB-2-PHA
|
| 912 |
|
|
|a ZDB-2-BAE
|
| 950 |
|
|
|a Physics and Astronomy (Springer-11651)
|